Statistics for Minnesota Timberwolves 2010's Starters

Click here to take the quiz!

General Stats

  • This quiz has been taken 169 times
    (79 since last reset)
  • The average score is 11 of 26

Answer Stats

Player Starts % Correct
Karl-Anthony Towns4
98%
Andrew Wiggins5
95%
Kevin Love3
92%
Jeff Teague2
84%
Ricky Rubio5
79%
Jimmy Butler1
74%
Taj Gibson2
60%
Gorgui Dieng3
56%
Nikola Pekovic3
52%
Derrick Williams1
50%
Zach LaVine2
47%
Wesley Johnson2
45%
Josh Okogie1
44%
Jonny Flynn1
35%
Kevin Martin2
32%
Corey Brewer1
31%
Al Jefferson1
24%
Darko Milicic1
16%
Andrei Kirilenko1
15%
Michael Beasley1
15%
Luke Ridnour3
13%
Tayshaun Prince1
8%
Thaddeus Young1
5%
Ryan Gomes1
3%
Damien Wilkins1
2%

Score Distribution

Percentile by Number Answered

Percent of People with Each Score

Your Score History

You have not taken this quiz since the last reset